[Event "Landesliga Nord 0203"]
[Site "Bayern"]
[Date "2003.01.12"]
[Round "4.8"]
[White "Gerstorfer, Werner"]
[Black "Feller, Simon"]
[Result "0-1"]
[WhiteElo "1968"]
[BlackElo "1705"]
[PlyCount "84"]
[EventDate "2002.10.20"]
[EventType "team-tourn"]
[EventRounds "9"]
[EventCountry "GER"]
[SourceTitle "EXT 2004"]
[Source "ChessBase"]
[SourceDate "2003.11.25"]
[SourceVersion "1"]
[SourceVersionDate "2003.11.25"]
[SourceQuality "1"]
[WhiteTeam "Cham"]
[BlackTeam "Sailauf"]
[WhiteTeamCountry "GER"]
[BlackTeamCountry "GER"]

1. d4 d5 2. e3 Nf6 3. Bd3 c6 4. Bd2 Nbd7 5. c3 e5 6. dxe5 Nxe5 7. Be2 Bd6 8. Nf3 Qb6 9. Qb3 Bg4 10. Qxb6 axb6 11. Nxe5 Bxe5 12. Bxg4 Nxg4 13. h3 Nf6 14. Na3 0-0 15. Nc2 Rfe8 16. Nd4 Ne4 17. Nf3 Nc5 18. Ke2 f5 19. Nxe5 Rxe5 20. g3 Nd7 21. a3 b5 22. Kd3 Re6 23. Kc2 Nb6 24. g4 fxg4 25. hxg4 Rf8 26. Rh2 Rg6 27. Rg1 Nc4 28. f4 Re6 29. Rh3 Rfe8 30. Rgh1 h6 31. g5 hxg5 32. Rh8+ Kf7 33. Rxe8 Rxe8 34. fxg5 Nxe3+ 35. Bxe3 Rxe3 36. Rf1+ Kg6 37. Kb3 Re7 38. Rg1 Re5 39. a4 bxa4+ 40. Kxa4 Rxg5 41. Re1 Kf7 42. Ka5 d4+ 0-1

[Event "Landesliga Nord 0203"]
[Site "Bayern"]
[Date "2002.11.17"]
[Round "2.6"]
[White "Gerstorfer, Werner"]
[Black "Dietrich, Reinhard"]
[Result "0-1"]
[WhiteElo "1968"]
[BlackElo "2033"]
[PlyCount "124"]
[EventDate "2002.10.20"]
[EventType "team-tourn"]
[EventRounds "9"]
[EventCountry "GER"]
[SourceTitle "EXT 2004"]
[Source "ChessBase"]
[SourceDate "2003.11.25"]
[SourceVersion "1"]
[SourceVersionDate "2003.11.25"]
[SourceQuality "1"]
[WhiteTeam "Cham"]
[BlackTeam "Neutraubling"]
[WhiteTeamCountry "GER"]
[BlackTeamCountry "GER"]

1. d4 Nf6 2. Nf3 g6 3. Bf4 Bg7 4. Qd2 0-0 5. Bh6 c5 6. Bxg7 Kxg7 7. e3 b6 8. Be2 Bb7 9. c4 cxd4 10. exd4 d5 11. cxd5 Nxd5 12. 0-0 Nd7 13. Nc3 N7f6 14. Rfd1 Rc8 15. Rac1 Qd6 16. Ne5 Nxc3 17. bxc3 Ne4 18. Qe3 Qa3 19. c4 Qxe3 20. fxe3 f6 21. Nd3 Rc7 22. c5 bxc5 23. Nxc5 Nxc5 24. Rxc5 Rfc8 25. Rdc1 Rxc5 26. dxc5 Bd5 27. a3 e5 28. Kf2 Kf7 29. Bd3 e4 30. Ba6 Rc7 31. Be2 Ke6 32. h4 f5 33. g3 Rb7 34. Bc4 Bxc4 35. Rxc4 Kd5 36. Rc3 Rc7 37. g4 Rxc5 38. Rb3 fxg4 39. Rb7 h5 40. Rxa7 Rc2+ 41. Kg3 Re2 42. Ra5+ Kc4 43. Kf4 Rh2 44. Kxe4 Rxh4 45. Rg5 Kb3 46. Rxg6 Kxa3 47. Rg5 Kb4 48. Kd3 Rh3 49. Ke2 Kc4 50. Kf2 Kd3 51. Ra5 Rf3+ 52. Kg2 h4 53. Ra3+ Ke4 54. Ra4+ Kf5 55. Ra5+ Kg6 56. Ra6+ Kg5 57. Ra5+ Rf5 58. Ra8 h3+ 59. Kg1 Kh4 60. e4 Rf3 61. Ra2 g3 62. Re2 h2+ 0-1

[Event "Regionalliga NO 0102"]
[Site "Bayern"]
[Date "2001.10.07"]
[Round "1.8"]
[White "Gerstorfer, Werner"]
[Black "Sargin, Anatol"]
[Result "0-1"]
[WhiteElo "1995"]
[BlackElo "1975"]
[PlyCount "76"]
[EventDate "2001.10.07"]
[EventType "team-tourn"]
[EventRounds "9"]
[EventCountry "GER"]
[SourceTitle "EXT 2003"]
[Source "ChessBase"]
[SourceDate "2002.11.25"]
[SourceVersion "1"]
[SourceVersionDate "2002.11.25"]
[SourceQuality "1"]
[WhiteTeam "Cham"]
[BlackTeam "Nuernberg II"]
[WhiteTeamCountry "GER"]
[BlackTeamCountry "GER"]

1. Nf3 e6 2. c4 d5 3. cxd5 exd5 4. d4 f5 5. Nc3 Nf6 6. Bf4 c6 7. e3 Ne4 8. Bd3 Nd7 9. 0-0 Ndf6 10. Rc1 Be7 11. a3 0-0 12. Qe2 Qe8 13. Nd2 Qh5 14. Bxe4 fxe4 15. Qxh5 Nxh5 16. Be5 Bg5 17. b4 Bd7 18. Nb3 Rae8 19. Nc5 Bc8 20. Bb8 b6 21. Nb3 Ba6 22. b5 cxb5 23. Bd6 Rf7 24. Bb4 Rd8 25. Nd2 Nf6 26. Rfe1 Ng4 27. Nd1 Bb7 28. h3 Nf6 29. f3 a5 30. Bc3 Bh4 31. Rf1 Ba6 32. fxe4 b4 33. axb4 Bxf1 34. Nxf1 Nxe4 35. bxa5 Rdf8 36. Nh2 Ng3 37. Rc2 Rf1+ 38. Nxf1 Rxf1+ 0-1

[Event "Regionalliga NO 0001"]
[Site "Bayern"]
[Date "2001.02.18"]
[Round "6.6"]
[White "Fischer, Erich"]
[Black "Gerstorfer, Werner"]
[Result "1-0"]
[WhiteElo "2100"]
[BlackElo "2030"]
[PlyCount "65"]
[EventDate "2000.10.15"]
[EventType "team-tourn"]
[EventRounds "9"]
[EventCountry "GER"]
[SourceTitle "EXT 2020"]
[Source "ChessBase"]
[SourceDate "2019.10.17"]
[SourceVersion "1"]
[SourceVersionDate "2019.10.17"]
[SourceQuality "1"]
[WhiteTeam "Postbauer"]
[BlackTeam "Cham"]
[WhiteTeamCountry "GER"]
[BlackTeamCountry "GER"]

1. c4 e5 2. Nc3 d6 3. g3 f5 4. Bg2 Nf6 5. d3 Be7 6. e3 0-0 7. Nge2 c6 8. f4 Be6 9. 0-0 Nbd7 10. Kh1 g6 11. b3 Qc7 12. Bb2 Rad8 13. Rc1 Ng4 14. Qd2 Qb6 15. Rf3 Bf6 16. h3 Nh6 17. e4 Bg7 18. Na4 Qc7 19. Kh2 b6 20. Nac3 Bf7 21. Rf2 a6 22. d4 fxe4 23. Nxe4 Nf5 24. Ng5 h6 25. Nxf7 Rxf7 26. d5 c5 27. fxe5 Nxe5 28. Nf4 Re8 29. Ne6 Qe7 30. Rcf1 h5 31. Be4 Bh6 32. Qc3 Be3 33. Rf4 1-0

[Event "Regionalliga NO 0001"]
[Site "Bayern"]
[Date "2001.01.28"]
[Round "5.7"]
[White "Fischer, Ernst"]
[Black "Gerstorfer, Werner"]
[Result "0-1"]
[WhiteElo "1970"]
[BlackElo "2030"]
[PlyCount "76"]
[EventDate "2000.10.15"]
[EventType "team-tourn"]
[EventRounds "9"]
[EventCountry "GER"]
[SourceTitle "EXT 2020"]
[Source "ChessBase"]
[SourceDate "2019.10.17"]
[SourceVersion "1"]
[SourceVersionDate "2019.10.17"]
[SourceQuality "1"]
[WhiteTeam "Weiden"]
[BlackTeam "Cham"]
[WhiteTeamCountry "GER"]
[BlackTeamCountry "GER"]

1. d4 f5 2. Nc3 Nf6 3. Bg5 e6 4. e4 fxe4 5. Bxf6 Qxf6 6. Nxe4 Qg6 7. Bd3 Qh6 8. Nf3 Be7 9. h4 b6 10. Qe2 Bb7 11. Ned2 Nc6 12. c3 0-0-0 13. 0-0-0 Rdf8 14. Kb1 g6 15. Nc4 Qg7 16. Rhf1 Nd8 17. Ncd2 Nf7 18. Be4 Nd6 19. Bxb7+ Nxb7 20. g3 Rf5 21. Ne5 g5 22. Qa6 Bf6 23. Qxa7 c6 24. Ndc4 d5 25. Nxb6+ Kc7 26. Na8+ Rxa8 27. Qxa8 Bxe5 28. dxe5 Qxe5 29. Rde1 Qf6 30. hxg5 Rxg5 31. Qa6 Rg8 32. Qe2 Qg6+ 33. Qc2 Qf7 34. Rh1 Rg7 35. Rh6 Nc5 36. Qe2 Qf5+ 37. Ka1 Kd6 38. Rh5 Nb3+ 0-1

[Event "Regionalliga NO 0001"]
[Site "Bayern"]
[Date "2000.12.10"]
[Round "3.7"]
[White "Gerstorfer, Werner"]
[Black "Cedikova, Katerina"]
[Result "1/2-1/2"]
[WhiteElo "2030"]
[BlackElo "2015"]
[PlyCount "118"]
[EventDate "2000.10.15"]
[EventType "team-tourn"]
[EventRounds "9"]
[EventCountry "GER"]
[SourceTitle "EXT 2020"]
[Source "ChessBase"]
[SourceDate "2019.10.17"]
[SourceVersion "1"]
[SourceVersionDate "2019.10.17"]
[SourceQuality "1"]
[WhiteTeam "Cham"]
[BlackTeam "Koetzting"]
[WhiteTeamCountry "GER"]
[BlackTeamCountry "GER"]

1. Nf3 Nf6 2. c4 g6 3. d4 Bg7 4. Nc3 0-0 5. Bg5 h6 6. Bh4 c5 7. e3 d6 8. Be2 Bg4 9. 0-0 Nc6 10. h3 Bxf3 11. Bxf3 cxd4 12. exd4 Nd7 13. Bxc6 bxc6 14. Qd2 Re8 15. Rac1 Qb6 16. Rfd1 Rab8 17. b3 Qa5 18. Bg3 Rbc8 19. Bf4 Kh7 20. Be3 d5 21. Ne2 Qa6 22. Rc2 Nf6 23. Rdc1 Red8 24. c5 Ne4 25. Qe1 Re8 26. f3 Nf6 27. Qd2 Nd7 28. f4 Rcd8 29. Ng3 Nf6 30. Qf2 e6 31. Qf3 Qa5 32. Bd2 Qb5 33. Bc3 Rd7 34. Qe3 Red8 35. Rd1 Rb8 36. Qe1 Rbd8 37. Kf2 Re8 38. Re2 Qb8 39. Kf3 h5 40. h4 Bh6 41. Bd2 Qd8 42. Nh1 Ne4 43. g3 Bg7 44. Be3 Rb7 45. Nf2 f5 46. Nd3 Qc7 47. Rc2 Reb8 48. Ne5 Rb5 49. Rd3 a5 50. Rb2 Bxe5 51. fxe5 Qe7 52. Bd2 a4 53. b4 Ra8 54. a3 Rg8 55. Bf4 Kg7 56. Qd1 Ra8 57. Qe1 Rab8 58. Rd1 Kf7 59. Rdb1 Kg7 1/2-1/2

[Event "Regionalliga NO 0001"]
[Site "Bayern"]
[Date "2000.11.12"]
[Round "2.7"]
[White "Erhard, Walter1"]
[Black "Gerstorfer, Werner"]
[Result "1-0"]
[WhiteElo "1820"]
[BlackElo "2030"]
[PlyCount "81"]
[EventDate "2000.10.15"]
[EventType "team-tourn"]
[EventRounds "9"]
[EventCountry "GER"]
[SourceTitle "EXT 2020"]
[Source "ChessBase"]
[SourceDate "2019.10.17"]
[SourceVersion "1"]
[SourceVersionDate "2019.10.17"]
[SourceQuality "1"]
[WhiteTeam "Regensburg Bavaria"]
[BlackTeam "Cham"]
[WhiteTeamCountry "GER"]
[BlackTeamCountry "GER"]

1. e4 e5 2. Nf3 d6 3. d4 Nd7 4. Nc3 c6 5. Bc4 Be7 6. 0-0 Ngf6 7. a4 0-0 8. h3 b6 9. Qe2 Bb7 10. dxe5 dxe5 11. Rd1 Qc7 12. Bg5 h6 13. Be3 a6 14. Nh4 b5 15. Nf5 Bb4 16. Ba2 Nc5 17. Qf3 Ne8 18. Qg4 Bc8 19. Bxh6 Bxf5 20. exf5 Nd7 21. Bxg7 Nxg7 22. Qxb4 Nf6 23. Qd6 Nfe8 24. Qxc7 Nxc7 25. Rd7 Rac8 26. g4 Nge8 27. axb5 axb5 28. Ne4 Kg7 29. Rad1 Nf6 30. Nxf6 Kxf6 31. R1d6+ Kg5 32. Rxc6 Na8 33. Rxc8 Rxc8 34. c3 f6 35. Kg2 b4 36. cxb4 Rc2 37. Ra7 Nc7 38. Be6 Nb5 39. Ra6 Rxb2 40. Kg3 Rxb4 41. Rb6 1-0

[Event "Regionalliga NO 0001"]
[Site "Bayern"]
[Date "2000.10.15"]
[Round "1.8"]
[White "Tiefenbach, Wilfried"]
[Black "Gerstorfer, Werner"]
[Result "1/2-1/2"]
[WhiteElo "2020"]
[BlackElo "2030"]
[PlyCount "100"]
[EventDate "2000.10.15"]
[EventType "team-tourn"]
[EventRounds "9"]
[EventCountry "GER"]
[SourceTitle "EXT 2020"]
[Source "ChessBase"]
[SourceDate "2019.10.17"]
[SourceVersion "1"]
[SourceVersionDate "2019.10.17"]
[SourceQuality "1"]
[WhiteTeam "Regensburg Fortuna II"]
[BlackTeam "Cham"]
[WhiteTeamCountry "GER"]
[BlackTeamCountry "GER"]

1. c4 e5 2. Nc3 d6 3. g3 f5 4. Bg2 Nf6 5. Nf3 Be7 6. 0-0 0-0 7. d3 Nbd7 8. b4 h6 9. Nh4 Nb6 10. a4 a5 11. bxa5 Rxa5 12. Bd2 Kh7 13. Nb5 Ra6 14. a5 c6 15. Nc3 Na8 16. Na2 Nc7 17. Nb4 Ra8 18. a6 d5 19. axb7 Bxb7 20. Nxf5 e4 21. Nxe7 Qxe7 22. cxd5 cxd5 23. Nc2 Qf7 24. Bb4 Rfe8 25. Rxa8 Rxa8 26. Nd4 Qd7 27. Qc2 Rc8 28. Qb1 Ba6 29. dxe4 dxe4 30. Rd1 Re8 31. Bc3 Kh8 32. Nc2 Qf7 33. Bxf6 Qxf6 34. Qa1 Qxa1 35. Rxa1 Bxe2 36. Ne3 Bd3 37. Bh3 Ne6 38. Bxe6 Rxe6 39. g4 Rg6 40. Kg2 h5 41. h3 hxg4 42. hxg4 Rf6 43. Ra5 g6 44. Ra7 Kg8 45. Nd5 Rf7 46. Rxf7 Kxf7 47. g5 Ke6 48. Ne3 Be2 49. Kg3 Ke5 50. Nc2 Bh5 1/2-1/2

[Event "Regionalliga NO 9900"]
[Site "Bayern"]
[Date "2000.??.??"]
[Round "6.8"]
[White "Gerstorfer, Werner"]
[Black "Fuchs, Gerhard"]
[Result "0-1"]
[WhiteElo "2040"]
[BlackElo "2174"]
[PlyCount "70"]
[EventDate "1999.??.??"]
[EventType "team-tourn"]
[EventRounds "9"]
[EventCountry "GER"]
[SourceTitle "EXT 2020"]
[Source "ChessBase"]
[SourceDate "2019.10.17"]
[SourceVersion "1"]
[SourceVersionDate "2019.10.17"]
[SourceQuality "1"]
[WhiteTeam "Cham"]
[BlackTeam "Nuernberg Grundig SC"]
[WhiteTeamCountry "GER"]
[BlackTeamCountry "GER"]

1. e4 e5 2. Nf3 Nf6 3. Nc3 Nc6 4. Bc4 Nxe4 5. Nxe4 d5 6. Bxd5 Qxd5 7. Nc3 Qd8 8. h3 Bc5 9. 0-0 0-0 10. d3 Bf5 11. a3 a5 12. Ne4 Bb6 13. Ng3 Bg6 14. Be3 Bxe3 15. fxe3 f5 16. Nd2 Qg5 17. Qe1 Rae8 18. Nf3 Qe7 19. Qc3 Kh8 20. Rae1 h5 21. Ne2 Qd6 22. Ng5 f4 23. exf4 exf4 24. Nf3 Re3 25. Nd2 b5 26. Nxf4 Rxf4 27. Rxe3 b4 28. axb4 axb4 29. Qb3 Qc5 30. Qe6 Bf7 31. Qc8+ Kh7 32. Rxf4 Qxe3+ 33. Rf2 Nd4 34. Kf1 Nxc2 35. Re2 Qxd3 0-1

[Event "Landesliga Nord 9899"]
[Site "Bayern"]
[Date "1998.11.15"]
[Round "3.7"]
[White "Rebscher, Ralf"]
[Black "Gerstorfer, Werner"]
[Result "1/2-1/2"]
[WhiteElo "1900"]
[BlackElo "2030"]
[PlyCount "91"]
[EventDate "1998.10.11"]
[EventType "team-tourn"]
[EventRounds "9"]
[EventCountry "GER"]
[SourceTitle "EXT 2020"]
[Source "ChessBase"]
[SourceDate "2019.10.17"]
[SourceVersion "1"]
[SourceVersionDate "2019.10.17"]
[SourceQuality "1"]
[WhiteTeam "Obernburg"]
[BlackTeam "Cham"]
[WhiteTeamCountry "GER"]
[BlackTeamCountry "GER"]

1. d4 f5 2. Nf3 Nf6 3. c4 e6 4. Nc3 d5 5. Bg5 c6 6. e3 Be7 7. Bd3 0-0 8. 0-0 b6 9. Ne5 Bb7 10. Rc1 Nfd7 11. Bxe7 Qxe7 12. f4 g6 13. cxd5 exd5 14. Qe2 Nxe5 15. fxe5 Nd7 16. a3 Rfc8 17. Rf3 Nf8 18. Rcf1 Ne6 19. Kh1 Rf8 20. g4 f4 21. Qf2 fxe3 22. Qxe3 Rxf3 23. Rxf3 Rf8 24. Rxf8+ Qxf8 25. Kg1 Bc8 26. Ne2 Qf7 27. Kg2 c5 28. b3 Qe7 29. h3 cxd4 30. Nxd4 Qxa3 31. Nxe6 Bxe6 32. Qg5 Bf7 33. Qd8+ Qf8 34. Qf6 Qe8 35. Kg3 Qe6 36. Qg5 Kg7 37. b4 Be8 38. b5 h6 39. Qf4 Bd7 40. Qd4 h5 41. Be2 Kg8 42. Qf4 Bc8 43. Bd3 hxg4 44. hxg4 Bd7 45. Qg5 Kg7 46. Qf4 1/2-1/2

[Event "Landesliga Nord 9899"]
[Site "Bayern"]
[Date "1998.10.11"]
[Round "1.7"]
[White "Pasedag, Peter"]
[Black "Gerstorfer, Werner"]
[Result "1-0"]
[WhiteElo "2165"]
[BlackElo "2030"]
[PlyCount "76"]
[EventDate "1998.10.11"]
[EventType "team-tourn"]
[EventRounds "9"]
[EventCountry "GER"]
[SourceTitle "EXT 2020"]
[Source "ChessBase"]
[SourceDate "2019.10.17"]
[SourceVersion "1"]
[SourceVersionDate "2019.10.17"]
[SourceQuality "1"]
[WhiteTeam "Fuerth SF"]
[BlackTeam "Cham"]
[WhiteTeamCountry "GER"]
[BlackTeamCountry "GER"]

1. e4 d6 2. Nc3 Nf6 3. f4 c5 4. Nf3 Bg4 5. Bb5+ Nc6 6. Bxc6+ bxc6 7. d3 g6 8. 0-0 Bg7 9. Qe1 0-0 10. Qh4 Bxf3 11. Rxf3 e6 12. f5 Nh5 13. Qf2 exf5 14. exf5 Bd4 15. Be3 Bxe3 16. Qxe3 Re8 17. Qh6 d5 18. Raf1 Qf6 19. Kh1 Qg7 20. Qd2 Qd4 21. Nd1 Re5 22. c3 Qh4 23. g3 Qg4 24. fxg6 fxg6 25. Qh6 Rf5 26. Rxf5 gxf5 27. Ne3 Qg6 28. Nxf5 Qxh6 29. Nxh6+ Kg7 30. Nf5+ Kg6 31. Ne7+ Kg5 32. Nxc6 Re8 33. Kg2 Re2+ 34. Rf2 Re3 35. d4 Nf6 36. dxc5 Ne4 37. Rc2 Nxc5 38. Nd4 Nd3 1-0

[Event "Landesliga Nord 9798"]
[Site "Bayern"]
[Date "1998.??.??"]
[Round "?.7"]
[White "Burkhardt, Holger"]
[Black "Gerstorfer, Werner"]
[Result "1/2-1/2"]
[WhiteElo "2090"]
[BlackElo "2020"]
[PlyCount "158"]
[EventDate "1997.10.19"]
[EventType "team-tourn"]
[EventRounds "9"]
[EventCountry "GER"]
[SourceTitle "EXT 2020"]
[Source "ChessBase"]
[SourceDate "2019.10.17"]
[SourceVersion "1"]
[SourceVersionDate "2019.10.17"]
[SourceQuality "1"]
[WhiteTeam "Kelheim"]
[BlackTeam "Cham"]
[WhiteTeamCountry "GER"]
[BlackTeamCountry "GER"]

1. e4 d6 2. Nc3 Nf6 3. f4 c5 4. Bb5+ Bd7 5. Bxd7+ Qxd7 6. Nf3 Nc6 7. 0-0 g6 8. d3 Bg7 9. Qe1 0-0 10. h3 d5 11. Qf2 b6 12. g4 dxe4 13. dxe4 Rad8 14. Be3 Qb7 15. Rae1 Ne8 16. e5 Nc7 17. Bc1 Ne6 18. Ne4 Ned4 19. Nxd4 Rxd4 20. Ng5 h6 21. Nf3 Rd5 22. g5 h5 23. c4 Rd3 24. Qe2 Qd7 25. Kg2 Rd8 26. Be3 Qf5 27. Nh4 Qe4+ 28. Qf3 Qxf3+ 29. Rxf3 Nd4 30. Bxd4 R3xd4 31. b3 Kh7 32. Re2 Bf8 33. Kg3 e6 34. Rff2 Be7 35. Nf3 Rd3 36. Rd2 R3d7 37. Rxd7 Rxd7 38. Rd2 Rc7 39. Rd3 Kg7 40. Nd2 Kf8 41. Ne4 Ke8 42. Kf3 a6 43. Ke3 b5 44. Nd6+ Bxd6 45. exd6 Rb7 46. cxb5 axb5 47. Ke4 c4 48. bxc4 bxc4 49. Rd4 Kd7 50. Rxc4 Kxd6 51. Rd4+ Ke7 52. a4 Rb3 53. Rd3 Rb4+ 54. Rd4 Rb3 55. h4 f5+ 56. gxf6+ Kxf6 57. Rc4 Ra3 58. Kd4 Kf5 59. Kc5 e5 60. fxe5 Kxe5 61. Kb4 Ra1 62. a5 Kf5 63. Kb5 Rb1+ 64. Rb4 Ra1 65. a6 g5 66. hxg5 Kxg5 67. Ra4 Rb1+ 68. Kc6 Rb8 69. a7 Ra8 70. Kb7 Rxa7+ 71. Rxa7 h4 72. Kc6 h3 73. Kd5 Kg4 74. Rg7+ Kf3 75. Rf7+ Kg2 76. Ke4 h2 77. Rg7+ Kf2 78. Rh7 Kg2 79. Rg7+ Kf2 1/2-1/2

[Event "Landesliga Nord 9697"]
[Site "Bayern"]
[Date "1997.??.??"]
[Round "?"]
[White "Gerstorfer, Werner"]
[Black "Kreuzer, Helmut"]
[Result "1/2-1/2"]
[WhiteElo "2000"]
[BlackElo "2155"]
[PlyCount "89"]
[EventDate "1996.10.??"]
[EventType "team-tourn"]
[EventRounds "9"]
[EventCountry "GER"]
[SourceTitle "EXT 2020"]
[Source "ChessBase"]
[SourceDate "2019.10.17"]
[SourceVersion "1"]
[SourceVersionDate "2019.10.17"]
[SourceQuality "1"]
[WhiteTeam "Cham"]
[BlackTeam "Kelheim"]
[WhiteTeamCountry "GER"]
[BlackTeamCountry "GER"]

1. Nf3 d5 2. c4 c6 3. b3 Nf6 4. g3 Bg4 5. Bg2 Nbd7 6. Bb2 e6 7. 0-0 Bc5 8. d4 Bd6 9. Nc3 0-0 10. Qd2 Re8 11. e3 Qe7 12. a3 Rad8 13. c5 Bc7 14. b4 e5 15. dxe5 Nxe5 16. Nxe5 Bxe5 17. Na4 Ne4 18. Qc1 Bxb2 19. Nxb2 Ng5 20. Nd1 Bf3 21. h4 Bxg2 22. Kxg2 Ne4 23. Ra2 Qe5 24. Rc2 Re6 25. Nc3 f5 26. Ne2 Nf6 27. Nd4 Re7 28. Qd1 a6 29. Qf3 g6 30. Re2 Ne4 31. Rfe1 Nc3 32. Rc2 Nb5 33. Nxb5 axb5 34. Rd1 Ra8 35. Rd3 Qa1 36. Rd1 Qxa3 37. Rd4 Qb3 38. Rcd2 Ra1 39. h5 Rc1 40. hxg6 hxg6 41. Qf4 Rc4 42. Qh6 Kf7 43. Qh7+ Kf6 44. Qh8+ Kf7 45. Qh7+ 1/2-1/2

[Event "Landesliga Nord 9697"]
[Site "Bayern"]
[Date "1996.??.??"]
[Round "?"]
[White "Gerstorfer, Werner"]
[Black "Berreth, Marc"]
[Result "1/2-1/2"]
[WhiteElo "2000"]
[BlackElo "2030"]
[PlyCount "136"]
[EventDate "1996.10.??"]
[EventType "team-tourn"]
[EventRounds "9"]
[EventCountry "GER"]
[SourceTitle "EXT 2020"]
[Source "ChessBase"]
[SourceDate "2019.10.17"]
[SourceVersion "1"]
[SourceVersionDate "2019.10.17"]
[SourceQuality "1"]
[WhiteTeam "Cham"]
[BlackTeam "Bamberg SC II"]
[WhiteTeamCountry "GER"]
[BlackTeamCountry "GER"]

1. Nf3 d5 2. c4 c6 3. b3 Bg4 4. g3 Bxf3 5. exf3 Nd7 6. Bg2 Ngf6 7. 0-0 e5 8. d4 Bd6 9. Bb2 0-0 10. cxd5 Nxd5 11. Nc3 Nxc3 12. Bxc3 exd4 13. Bxd4 Be5 14. f4 Bxd4 15. Qxd4 Nf6 16. Qc4 Qb6 17. a4 Rad8 18. a5 Qd4 19. a6 Qxc4 20. bxc4 b5 21. cxb5 cxb5 22. Rfb1 Rb8 23. Bb7 Ne8 24. Rxb5 Nd6 25. Rbb1 Rfd8 26. Ra4 Kf8 27. Rab4 Ne8 28. Kg2 Nc7 29. Ra4 Ne6 30. Rc4 Rd6 31. Rbc1 g6 32. g4 Nd8 33. Rc8 Rxc8 34. Rxc8 Ke7 35. Ra8 Nc6 36. Bxc6 Rxc6 37. Rxa7+ Kf6 38. Ra8 h5 39. gxh5 gxh5 40. a7 Ra6 41. Rh8 Rxa7 42. Rxh5 Ra3 43. f3 Kg6 44. Rg5+ Kh6 45. Kg3 Ra2 46. h4 Ra1 47. Kg4 Rh1 48. h5 Rf1 49. Ra5 Rb1 50. Ra6+ Kg7 51. h6+ Kh7 52. Kg5 Rg1+ 53. Kf5 Rg3 54. Rf6 Rxf3 55. Rxf7+ Kxh6 56. Ke6 Ra3 57. Rd7 Ra6+ 58. Rd6 Ra7 59. Kf6 Kh7 60. f5 Ra8 61. Ke7 Kg8 62. f6 Ra7+ 63. Ke6 Ra8 64. Rd7 Ra6+ 65. Ke7 Ra8 66. Ke6 Ra6+ 67. Kf5 Ra1 68. Rg7+ Kf8 1/2-1/2

[Event "Landesliga Nord 9596"]
[Site "Bayern"]
[Date "1996.??.??"]
[Round "?"]
[White "Gerstorfer, Werner"]
[Black "Oehrlein, Thomas"]
[Result "1/2-1/2"]
[WhiteElo "2000"]
[BlackElo "2055"]
[PlyCount "131"]
[EventDate "1995.10.??"]
[EventType "team-tourn"]
[EventRounds "9"]
[EventCountry "GER"]
[SourceTitle "EXT 2020"]
[Source "ChessBase"]
[SourceDate "2019.10.17"]
[SourceVersion "1"]
[SourceVersionDate "2019.10.17"]
[SourceQuality "1"]
[WhiteTeam "Cham"]
[BlackTeam "Bamberg SC II"]
[WhiteTeamCountry "GER"]
[BlackTeamCountry "GER"]

1. Nf3 d6 2. c4 e5 3. Nc3 f5 4. d3 Nf6 5. g3 Be7 6. Bg2 0-0 7. 0-0 c6 8. Rb1 h6 9. b4 Be6 10. b5 Qc7 11. bxc6 bxc6 12. Ba3 Nbd7 13. Qd2 Nh7 14. Rb2 Rab8 15. Rfb1 Rxb2 16. Qxb2 Rb8 17. Qc2 Rxb1+ 18. Qxb1 Bf6 19. Qb4 Nc5 20. Na4 e4 21. Ne1 exd3 22. exd3 Bd4 23. Nxc5 dxc5 24. Qb3 Ng5 25. Nc2 Qe5 26. Kf1 f4 27. Nxd4 cxd4 28. Qd1 f3 29. Bh1 Bh3+ 30. Kg1 Bg4 31. Bc1 Qe2 32. Qxe2 fxe2 33. Bd2 Nf3+ 34. Bxf3 Bxf3 35. h3 h5 36. Kh2 g5 37. g4 h4 38. a4 Kf7 39. Kg1 Ke6 40. a5 a6 41. Bb4 c5 42. Bd2 Kf6 43. Be1 Kg6 44. Bd2 Kf6 45. Be1 Ke5 46. Bd2 Ke6 47. Be1 Kf6 48. Bd2 e1Q+ 49. Bxe1 Be2 50. f4 Bxd3 51. fxg5+ Kxg5 52. Bd2+ Kg6 53. Bf4 Bxc4 54. Kf2 Bb5 55. Bd6 c4 56. Bc5 d3 57. Bb4 Bc6 58. Bd2 Kf6 59. Bc3+ Ke6 60. Be1 Ke5 61. Ke3 Bg2 62. Bxh4 Bxh3 63. Bg3+ Kd5 64. g5 Bf5 65. Be1 Kc5 66. Bc3 1/2-1/2

[Event "Landesliga Nord 9596"]
[Site "Bayern"]
[Date "1996.??.??"]
[Round "?"]
[White "Goetz, Andreas"]
[Black "Gerstorfer, Werner"]
[Result "1/2-1/2"]
[WhiteElo "1776"]
[BlackElo "2000"]
[PlyCount "117"]
[EventDate "1995.10.??"]
[EventType "team-tourn"]
[EventRounds "9"]
[EventCountry "GER"]
[SourceTitle "EXT 2020"]
[Source "ChessBase"]
[SourceDate "2019.10.17"]
[SourceVersion "1"]
[SourceVersionDate "2019.10.17"]
[SourceQuality "1"]
[WhiteTeam "Erlangen TB"]
[BlackTeam "Cham"]
[WhiteTeamCountry "GER"]
[BlackTeamCountry "GER"]

1. Nf3 d5 2. d4 Nf6 3. c4 dxc4 4. e3 Bg4 5. Bxc4 e6 6. Nbd2 Nbd7 7. Qc2 Be7 8. b3 0-0 9. Bb2 c5 10. Bd3 Rc8 11. Qb1 Bh5 12. 0-0 Bg6 13. Bxg6 hxg6 14. Nc4 b5 15. Nce5 Nxe5 16. Nxe5 Qb6 17. dxc5 Bxc5 18. Nd3 Be7 19. Bd4 Qb8 20. Qb2 Rfd8 21. Rac1 Ne8 22. Rxc8 Rxc8 23. Rc1 Bf6 24. Nc5 Bxd4 25. Qxd4 Qd6 26. Qxd6 Nxd6 27. Nd3 Rxc1+ 28. Nxc1 Kf8 29. Kf1 Ke7 30. Ke2 e5 31. Kd3 Ke6 32. e4 f5 33. f3 fxe4+ 34. fxe4 b4 35. Ne2 a5 36. Ng1 Nb5 37. Nf3 Nc3 38. a3 Kd6 39. Nd2 Na2 40. a4 Kc5 41. Nc4 Nc1+ 42. Kc2 Ne2 43. Nxe5 Kd4 44. Nc6+ Kxe4 45. Nxa5 Nd4+ 46. Kb2 Ke3 47. Nc4+ Kf2 48. Ne5 Kxg2 49. Nxg6 Kxh2 50. a5 Kg3 51. a6 Nb5 52. Kc2 Kg4 53. Kd3 Kg5 54. Ne7 Kf6 55. Nc6 Nc7 56. a7 Ke6 57. Nxb4 Kd6 58. Ke4 Na8 59. Kf5 1/2-1/2

[Event "Landesliga Nord 9495"]
[Site "Bayern"]
[Date "1995.??.??"]
[Round "?.5"]
[White "Gerstorfer, Werner"]
[Black "Faust, Martin Michael"]
[Result "1/2-1/2"]
[WhiteElo "1965"]
[BlackElo "1950"]
[PlyCount "90"]
[EventDate "1994.10.09"]
[EventType "team-tourn"]
[EventRounds "9"]
[EventCountry "GER"]
[SourceTitle "EXT 2020"]
[Source "ChessBase"]
[SourceDate "2019.10.17"]
[SourceVersion "1"]
[SourceVersionDate "2019.10.17"]
[SourceQuality "1"]
[WhiteTeam "Cham"]
[BlackTeam "Kitzingen SC"]
[WhiteTeamCountry "GER"]
[BlackTeamCountry "GER"]

1. d4 c5 2. Nf3 cxd4 3. Nxd4 Nc6 4. g3 g6 5. Bg2 Bg7 6. c3 Qb6 7. Nb3 Nf6 8. 0-0 0-0 9. e4 d6 10. Be3 Qc7 11. h3 Be6 12. Na3 Ne5 13. f4 Nc4 14. Nxc4 Bxc4 15. Rf2 Rad8 16. Qc2 b6 17. Nd2 Ba6 18. g4 d5 19. Qa4 Bd3 20. e5 Ne4 21. Nxe4 dxe4 22. Re1 Rd5 23. Bxe4 Bxe4 24. Qxe4 Rfd8 25. Bd4 e6 26. Ree2 Qe7 27. Kh2 Qh4 28. Qg2 Bf8 29. Qg3 Qxg3+ 30. Kxg3 Bc5 31. Bxc5 bxc5 32. Re3 Rd1 33. b4 cxb4 34. cxb4 Rb1 35. a3 a5 36. bxa5 Rb5 37. a4 Rxa5 38. Re4 Rda8 39. Ra2 Rc8 40. Ra3 Rca8 41. Rb4 R8a7 42. Kf3 Rd5 43. Ke4 Kg7 44. Rd3 Rda5 45. Rdd4 R5a6 1/2-1/2